Marzec 1968 roku w województwie katowickim /
Saved in:
| Main Author: | |
|---|---|
| Other Authors: | |
| Format: | Book |
| Language: | Polish |
| Published: |
Katowice :
Wydawnictwo Uniwersytetu Śląskiego,
2009.
|
| Series: | Prace Naukowe Uniwersytetu Śląskiego w Katowicach ;
nr 2674. |
| Subjects: | |
| Tags: |
Add Tag
No Tags, Be the first to tag this record!
|
| LEADER | 01621cam a2200361Ka 4500 | ||
|---|---|---|---|
| 001 | 012040407-9 | ||
| 005 | 20091216114916.0 | ||
| 008 | 090827s2009 pl g 001 0dpol d | ||
| 020 | |a 9788322618196 | ||
| 020 | |a 8322618190 | ||
| 035 | 0 | |a ocn434114509 | |
| 040 | |a UIU |c UIU |d CUY | ||
| 041 | 0 | |a pol |b eng |b ger | |
| 043 | |a e-pl--- | ||
| 050 | 0 | 0 | |a DK4440 |b .F47 2009 |
| 100 | 1 | |a Fertacz, Sylwester. | |
| 245 | 1 | 0 | |a Marzec 1968 roku w województwie katowickim / |c Sylwester Fertacz, Kazimierz Miroszewski. |
| 246 | 3 | |a Marzec tysiąc dziewięćset sześćdziesiątego ósmego roku w województwie katowickim | |
| 260 | |a Katowice : |b Wydawnictwo Uniwersytetu Śląskiego, |c 2009. | ||
| 300 | |a 212 p. ; |c 24 cm. | ||
| 490 | 1 | |a Prace Naukowe Uniwersytetu Śląskiego w Katowicach, |x 0208-6336 ; |v nr 2674 | |
| 504 | |a Includes bibliographical references (p.[199]-200) and index. | ||
| 546 | |a Summary in English and German. | ||
| 650 | 0 | |a Political persecution |z Poland |z Katowice (Voivodeship) |x History |y 20th century. | |
| 651 | 0 | |a Poland |x Politics and government |y 1945-1980. | |
| 650 | 0 | |a Student strikes |z Poland |z Katowice (Voivodeship) | |
| 650 | 0 | |a College students |x Political activity |z Poland |z Katowice (Voivodeship) | |
| 650 | 0 | |a Political persecution |z Poland |z Katowice (Voivodeship) | |
| 700 | 1 | |a Miroszewski, Kazimierz. | |
| 776 | 0 | 8 | |i Online version: |a Fertacz, Sylwester. |t Marzec 1968 roku w województwie katowickim. |d Katowice : Wydawn. Uniwersytetu Śląskiego, 2009 |w (OCoLC)891463402 |
| 830 | 0 | |a Prace Naukowe Uniwersytetu Śląskiego w Katowicach ; |v nr 2674. |x 0208-6336 | |
| 988 | |a 20090722 | ||
| 906 | |0 OCLC | ||


